| 000 | 00584nam a2200193Ia 4500 | ||
|---|---|---|---|
| 003 | OSt | ||
| 005 | 20250507145951.0 | ||
| 008 | 210210b1971 xxu||||| |||| 00| 0 eng d | ||
| 040 | _cAL | ||
| 041 | _aKannada | ||
| 082 | _aK894.2 NAVS | ||
| 100 |
_aNAVARATNARAM mattu MURTI (A S). _dನವರತ್ನರಾಂ ಮತ್ತು ಮೂರ್ತಿ (ಎ ಎಸ್) _9209595 |
||
| 245 |
_aShuddha shunthi. _bಶುದ್ಧ ಶುಂಠಿ |
||
| 260 |
_aBengaluru _bEch En Rav Bradars _c1971 |
||
| 300 | _a77 | ||
| 690 |
_aKannada Drama _9209596 |
||
| 906 | _a031225 | ||
| 942 |
_2ddc _cBK |
||
| 999 |
_c82383 _d82383 |
||